| 000 | 00522nam a22001817a 4500 | ||
|---|---|---|---|
| 999 |
_c3444 _d3444 |
||
| 003 | AR-CdUCM | ||
| 008 | 190306b ||||| |||| 00| 0 spa d | ||
| 040 |
_aMUNICIPALIDAD PROVINCIAL DEL CUSCO _cBIBLIOTECA MUNICIPAL DEL CUSCO |
||
| 082 |
_a869.57 / _bSA25 |
||
| 100 |
_aSantana, Ana María _911354 |
||
| 245 | _aÁngelus al atardecer / | ||
| 260 |
_aLima : _bArteidea, _c2014. |
||
| 300 |
_a39 páginas ; _c20.5 cm. |
||
| 650 |
_aPoesía peruana _9806 |
||
| 650 |
_aSiglo XXI _92856 |
||
| 942 |
_2ddc _cLIBROS |
||
| 945 | _aafb | ||